| 000 | 00484nam a2200181 i 4500 | ||
|---|---|---|---|
| 001 | 55140 | ||
| 003 | ES-MaACL | ||
| 005 | 20230906163105.0 | ||
| 007 | t| | ||
| 008 | 030912s1968 sp ||||1| spa d | ||
| 100 | 1 |
_aDelibes, Miguel, _d1920-2010 _9233557 |
|
| 245 | 1 | 0 |
_aVivir al día / _cMiguel Delibes. |
| 250 | _a[1ª ed.]. | ||
| 260 |
_aBarcelona : _bDestino, _c[1968] |
||
| 300 |
_a224 p. ; _c19 cm. |
||
| 852 |
_aES-MaACL _jC-35308 _bR.65879 |
||
| 999 |
_c55140 _d55140 |
||